The beginner's guide to making pottery

Bibliographic Details
Other Authors: Lowe, Lindsey
Format: Book
Published: London : Blitz Editions , 1995
Subjects:

MARC

LEADER 00000cam a2200000 7i4500
001 0000015916
005 20080416.0
008 080416
020 |a 1856053121 
090 0 0 |a 666.42   |b BEG 
245 1 4 |a The beginner's guide to making pottery   |c general editors Lindsey Lowe 
260 |a London :   |b Blitz Editions ,   |c 1995 
650 0 |a Clay   |x Popular works 
650 0 |a Pottery 
700 1 |a Lowe, Lindsey 
999 |a 0000545553   |b Book   |c Adult Collection   |e Cawangan Pontian 
999 |a 0000545556   |b Book   |c Adult Collection   |e Cawangan Mersing 
999 |a 0000545559   |b Book   |c Adult Collection   |e Cawangan Muar 
999 |a 0000545563   |b Book   |c Adult Collection   |e Cawangan Bandar Penawar 
999 |a 0000567495   |b Book   |c Adult Collection   |e Cawangan Mersing 
999 |a 0000567515   |b Book   |c Adult Collection   |e Cawangan Bandar Penawar 
999 |a 0000794583   |b Book   |c REFERENCE   |e Cawangan Segamat 
999 |a 0000819628   |b Book   |c REFERENCE   |e Cawangan Segamat 
999 |a 0000819629   |b Book   |c REFERENCE   |e Cawangan Segamat 
999 |a 0000820307   |b Book   |c Adult Collection   |e Cawangan Segamat 
999 |a 0000820308   |b Book   |c Adult Collection   |e Cawangan Segamat 
999 |a 0000820309   |b Book   |c Adult Collection   |e Cawangan Segamat 
999 |a 0001013754   |b Book   |c REFERENCE   |e Perbadanan Perpustakaan Awam Johor